Basic problems of Asia and democratic education (Record no. 63191)

MARC details
000 -CABECERA
campo de control de longitud fija 00503nam a2200193 a 4500
005 - FECHA Y HORA DE LA ÚLTIMA TRANSACCIÓN
campo de control 20210219152906.0
008 - ELEMENTOS DE LONGITUD FIJA--INFORMACIÓN GENERAL
campo de control de longitud fija 991125n 000 0 eng u
035 ## - NÚMERO DE CONTROL DEL SISTEMA
Número de control de sistema UPN01000065891
100 ## - ASIENTO PRINCIPAL--NOMBRE PERSONAL
Nombre de persona MASUOKA, Jitsuichi
222 ## - TÍTULO CLAVE
Título clave HARVARD EDUCATIONAL REVIEW
245 ## - MENCIÓN DE TÍTULO
Título Basic problems of Asia and democratic education
260 ## - PUBLICACIÓN, DISTRIBUCIÓN, ETC.
Lugar de publicación, distribución, etc. Massachusetts, EUA
300 ## - DESCRIPCIÓN FÍSICA
Extensión 228-241
362 ## - FECHAS DE PUBLICACIÓN Y/O DESIGNACIÓN SECUENCIAL
Fecha de publicación y/o designación secuencial 1947 17, No. 4, fall
653 0# - TERMINO DE INDIZACION - NO CONTROLADO
Término no controlado ASIA
653 0# - TERMINO DE INDIZACION - NO CONTROLADO
Término no controlado CULTURA
904 ## - ELEMENTOS DE DATOS D LOCAL, LDD (RLIN)
a AC
b 003702
905 ## - TIPO DE MATERIAL
Tipo de material Articulo

No items available.